Music Quiz

Random Music or Rock Quiz

Schoolhouse Rock Guess the Lyrics I Quiz Stats

 Plays Quiz not verified by Sporcle

Challenge
Share
Tweet
Embed
Score 0/261 Timer 12:00
0 Plays Today
Answer % Correct
The
91%
The
91%
the
91%
the
91%
a
91%
the
91%
a
91%
the
91%
the
91%
the
91%
the
91%
the
91%
a
91%
the
91%
the
91%
the
91%
the
91%
a
91%
the
91%
the
91%
a
91%
a
91%
the
91%
the
91%
a
91%
the
91%
the
91%
the
91%
the
91%
the
91%
we
83.6%
we
83.6%
we
83.6%
You
80.6%
You
80.6%
you
80.6%
to
80.6%
to
80.6%
to
80.6%
to
80.6%
to
80.6%
to
80.6%
and
79.1%
in
77.6%
of
77.6%
for
77.6%
and
77.6%
and
77.6%
and
77.6%
and
77.6%
in
77.6%
for
77.6%
and
77.6%
of
77.6%
and
77.6%
and
77.6%
for
77.6%
of
77.6%
in
77.6%
and
77.6%
of
77.6%
and
77.6%
of
77.6%
and
77.6%
in
77.6%
for
77.6%
and
77.6%
of
77.6%
and
77.6%
and
77.6%
for
77.6%
of
77.6%
for
77.6%
of
77.6%
Do
74.6%
Do
74.6%
on
74.6%
do
74.6%
do
74.6%
do
74.6%
it
73.1%
it
73.1%
it
73.1%
it
73.1%
me
71.6%
just
70.1%
just
70.1%
Answer % Correct
this
68.7%
this
68.7%
this
68.7%
Know
67.2%
Know
67.2%
i'm
67.2%
is
67.2%
i'm
67.2%
Can
65.7%
people
65.7%
people
65.7%
people
65.7%
people
65.7%
people
65.7%
what
64.2%
more
64.2%
more
64.2%
our
62.7%
our
62.7%
our
62.7%
our
62.7%
States
62.7%
America
62.7%
our
62.7%
our
62.7%
our
62.7%
States
62.7%
America
62.7%
States
62.7%
America
62.7%
Hey
61.2%
About
61.2%
About
61.2%
about
61.2%
hey
61.2%
about
61.2%
was
61.2%
United
61.2%
was
61.2%
United
61.2%
United
61.2%
that
59.7%
be
59.7%
order
59.7%
order
59.7%
tell
58.2%
Constitution
58.2%
they
58.2%
Constitution
58.2%
perfect
58.2%
union
58.2%
constitution
58.2%
they
58.2%
perfect
58.2%
union
58.2%
constitution
58.2%
form
56.7%
establish
56.7%
establish
56.7%
form
56.7%
establish
56.7%
establish
56.7%
so
55.2%
us
55.2%
justice
55.2%
provide
55.2%
common
55.2%
so
55.2%
justice
55.2%
provide
55.2%
common
55.2%
defense
53.7%
general
53.7%
welfare
53.7%
defense
53.7%
general
53.7%
welfare
53.7%
down
52.2%
domestic
52.2%
tranquility
52.2%
liberty
52.2%
ordain
52.2%
all
52.2%
down
52.2%
liberty
52.2%
domestic
52.2%
tranquility
52.2%
Answer % Correct
liberty
52.2%
ordain
52.2%
U.S.A.
49.3%
U.S.A.
49.3%
U.S.A.
49.3%
country
49.3%
country
49.3%
posterity
49.3%
U.S.A.
49.3%
country
49.3%
posterity
49.3%
out
47.8%
out
47.8%
out
47.8%
blessings
47.8%
ourselves
47.8%
out
47.8%
out
47.8%
blessings
47.8%
ourselves
47.8%
founding
46.3%
fathers
46.3%
it's
46.3%
founding
46.3%
fathers
46.3%
promote
46.3%
secure
46.3%
founding
46.3%
fathers
46.3%
secure
46.3%
told
44.8%
did
44.8%
should
44.8%
told
44.8%
promote
44.8%
insure
43.3%
insure
43.3%
1787
41.8%
1787
41.8%
wrote
41.8%
like
41.8%
government
40.3%
write
40.3%
free
40.3%
those
40.3%
preamble
40.3%
those
40.3%
sat
40.3%
preamble
40.3%
list
38.8%
starting
38.8%
whole
38.8%
called
38.8%
called
38.8%
set
38.8%
list
38.8%
around
38.8%
starting
38.8%
whole
38.8%
goes
38.8%
agree
37.3%
been
37.3%
then
37.3%
principles
35.8%
spelled
35.8%
principles
35.8%
paper
35.8%
ever
35.8%
principles
35.8%
spelled
35.8%
learn
34.3%
that's
34.3%
things
32.8%
world
32.8%
keeping
31.3%
brand-new
31.3%
known
31.3%
brand-new
31.3%
land
31.3%
put
29.9%
since
29.9%
wanted
29.9%
first
26.9%
helping
23.9%
part
23.9%
run
22.4%
tells
22.4%

You're not logged in!

Compare scores with friends on all Sporcle quizzes.
Join for Free
OR
Log In

You Might Also Like...

Show Comments

Extras

Top Quizzes Today


Score Distribution

Your Account Isn't Verified!

In order to create a playlist on Sporcle, you need to verify the email address you used during registration. Go to your Sporcle Settings to finish the process.

Report this User

Report this user for behavior that violates our Community Guidelines.

Details: